Regi Pokémon - Statistics

General Stats
  • This quiz has been taken 9 times
  • The average score is 5 of 6
Answer Stats
Answer % Correct
Regice
100%
Regigigas
100%
Regirock
100%
Registeel
88%
Regidrago
75%
Regieleki
63%
No matching quizzes found
Score Distribution
Percent of People with Each Score
Percentile by Number Answered
Your Score History
You have not taken this quiz